Carnegie Mellon Alumni - Statistics

General Stats
  • This quiz has been taken 9 times
    5 since last reset
  • The average score is 4 of 32
Answer Stats
Hint Answer % Correct
Artist and leading figure in the pop art movement, "Campbell's Soup Cans" "Marilyn Diptych" Andy Warhol
100%
Actor, "Before" trilogy "Training Day" "Dead Poets Society" Ethan Hawke
40%
Actor, "Frozen" "Beauty and the Beast" "Book of Mormon" Josh Gad
40%
Actor, "Hamilton" "One Night in Miami" "Glass Onion" Leslie Odom Jr.
40%
Actress, "The Piano" "The Firm" "Saving Grace" Holly Hunter
20%
Actor, "L.A. Confidential" "Babe" "Succession" James Cromwell
20%
Actor, "True Blood" "Spider-Man" "Magic Mike" Joe Manganiello
20%
Mathematician who was awarded the Nobel Memorial Prize in Economics who was portrayed by Russell Crowe in "A Beautiful Mind" John Forbes Nash Jr.
20%
Writer, "Slaughterhouse-Five" Kurt Vonnegut
20%
Actor, "White Collar" "Magic Mike" "American Horror Story" "Maestro" Matt Bomer
20%
Actress, "The Joy Luck Club" "Mulan" "The Mandalorian" "Agents of S.H.I.E.L.D." Ming-Na Wen
20%
Actor, "Insidious" "The Conjuring" "Aquaman" Patrick Wilson
20%
Actor, "Cheers" "The Good Place" "A Man on the Inside" Ted Danson
20%
Actor best known for his role as Spock in "Star Trek" (2009) and its two sequels Zachary Quinto
20%
Mountaineer and subject oof the film "127 Hours" in which he is portrayed by James Franco Aron Ralston
0%
Co-founder of Adobe and co-creator of the PDF document format Charles Geschke
0%
Creator of the hashtag as its currently used on social media Chris Messina
0%
Polish-born actress, "Succession" "Bottoms" "The Lost Daughter" Dagmara Dominczyk
0%
Owner of the Carolina Panthers and Charlotte FC David Tepper
0%
Actor best known for his role as Angus Tully in "The Holdovers" Dominic Sessa
0%
Actor best known for his role as Harvey Specter in "Suits" Gabriel Macht
0%
Director called the "Father of the Zombie film", "Night of the Living Dead" "Dawn of the Dead" George A. Romero
0%
Director, "Superbad" "Paul" Greg Mottola
0%
Actor best known for his role as Ezra Fitz in "Pretty Little Liars" Ian Harding
0%
Founder and lead designer behind the Jave programming language James Gosling
0%
Actress, "Bodies Bodies Bodies" "Leave the World Behind" "Industry" Myha'la
0%
Actor, "Orange Is the New Black" "American Gods" "Vicky Cristina Barcelona" "Halo" Pablo Schreiber
0%
Actress, "Hamilton" "Waves" "Altered Carbon" "The Good Wife" Renée Elise Goldsberry
0%
Director, "Chicago" "Memoirs of a Geisha" "The Little Mermaid" Rob Marshall
0%
Director of the Academy Award winning "CODA" Sian Heder
0%
Inventor of Kevlar Stephanie Kwolek
0%
Actress, "You" "Bly Manor" "Once Upon a Time in Hollywood" Victoria Pedretti
0%
No matching quizzes found
Score Distribution
Percent of People with Each Score
Percentile by Number Answered
Your Score History
You have not taken this quiz since the last reset